Splash me! / (Record no. 666)
[ view plain ]
| 000 -LEADER | |
|---|---|
| fixed length control field | 01012nam a22002537a 4500 |
| 005 - DATE AND TIME OF LATEST TRANSACTION | |
| control field | 20230629093947.0 |
| 040 ## - CATALOGING SOURCE | |
| Original cataloging agency | FISKH |
| Language of cataloging | eng |
| Transcribing agency | FISKH |
| Modifying agency | FISKH |
| 050 ## - LIBRARY OF CONGRESS CALL NUMBER | |
| Classification number | PZ7 |
| 082 ## - DEWEY DECIMAL CLASSIFICATION NUMBER | |
| Classification number | 591.92 |
| 100 ## - MAIN ENTRY--PERSONAL NAME | |
| Personal name | Rowe, Jeannette |
| 245 ## - TITLE STATEMENT | |
| Title | Splash me! / |
| Statement of responsibility, etc. | Jeannette Rowe |
| 260 ## - PUBLICATION, DISTRIBUTION, ETC. | |
| Place of publication, distribution, etc. | West Sussex : |
| Name of publisher, distributor, etc. | The Five Mile Press, |
| Date of publication, distribution, etc. | 2010. |
| 300 ## - PHYSICAL DESCRIPTION | |
| Extent | 4 unnumbered pages : |
| Dimensions | 15 x 17 cm. |
| 505 ## - FORMATTED CONTENTS NOTE | |
| Formatted contents note | B |
| 520 ## - SUMMARY, ETC. | |
| Summary, etc. | A waterproof children's book that introduces the names of different sea animals.<br/><br/>With simple text and bright and beautiful artwork these bath books are perfect for young children to enjoy. These bath books are fully waterproof so you can get them as wet as you like, they'll never get ruined! They are by the best-selling Australian preschool author and illustrator, Jeannette Rowe. |
| 521 ## - TARGET AUDIENCE NOTE | |
| Target audience note | 10 <br/> |
| Source | Lexile Estimate |
| 521 ## - TARGET AUDIENCE NOTE | |
| Target audience note | B<br/> |
| Source | Raz-Plus |
| 650 ## - SUBJECT ADDED ENTRY--TOPICAL TERM | |
| Topical term or geographic name entry element | Ocean |
| 650 ## - SUBJECT ADDED ENTRY--TOPICAL TERM | |
| Topical term or geographic name entry element | Sea Animals |
| 650 ## - SUBJECT ADDED ENTRY--TOPICAL TERM | |
| Topical term or geographic name entry element | Waterproof |
| 942 ## - ADDED ENTRY ELEMENTS (KOHA) | |
| Source of classification or shelving scheme | Dewey Decimal Classification |
| Koha item type | Books |
| Suppress in OPAC | No |
| 999 ## - | |
| -- | 666 |
| -- | 666 |
| Withdrawn status | Lost status | Source of classification or shelving scheme | Damaged status | Not for loan | Collection | Home library | Current library | Shelving location | Date acquired | Total Checkouts | Full call number | Barcode | Date last seen | Price effective from | Koha item type |
|---|---|---|---|---|---|---|---|---|---|---|---|---|---|---|---|
| Dewey Decimal Classification | Non-Fiction | Footprints International School Library Network Toul Kork Campus | Footprints International School Library Network Toul Kork Campus | Ocean Display Shelf TK Campus | 06/29/2023 | ROW 591.92 PZ7 | 2023-0117 | 06/29/2023 | 06/29/2023 | Books |
